[Event "Winnipeg TNT October op"]
[Site "Winnipeg"]
[Date "2017.10.17"]
[Round "3"]
[White "Kernetsky, Myron"]
[Black "Bince, Rolando"]
[Result "1-0"]
[WhiteElo "2091"]
[BlackElo "2001"]
[PlyCount "85"]
[EventDate "2017.10.03"]
[EventType "swiss"]
[EventRounds "4"]
[EventCountry "CAN"]
[SourceTitle "EXT 2022"]
[Source "ChessBase"]
[SourceDate "2021.10.06"]
[SourceVersion "1"]
[SourceVersionDate "2021.10.06"]
[SourceQuality "1"]

1. d4 f5 2. Nf3 Nf6 3. Bf4 e6 4. e3 b6 5. Bd3 Bb7 6. 0-0 Be7 7. h3 0-0 8. c4 d6 9. Nbd2 Nbd7 10. Qc2 c5 11. Bh2 Rc8 12. Ng5 Qe8 13. Nxe6 Qg6 14. f3 Rfe8 15. Bxf5 Qh5 16. Nf4 Qh6 17. Ne4 Rb8 18. Rae1 g6 19. Be6+ Kh8 20. Nd5 Nxd5 21. Bxd5 Qf8 22. Bxb7 Rxb7 23. Qc3 Nf6 24. d5 h6 25. Bxd6 Kg7 26. Be5 Qf7 27. f4 Rf8 28. Nxf6 Bxf6 29. Bxf6+ Qxf6 30. Qxf6+ Kxf6 31. e4 b5 32. cxb5 Rxb5 33. b3 Rb4 34. e5+ Ke7 35. g3 Rd8 36. d6+ Ke6 37. Rc1 Kd5 38. Rfe1 Re4 39. Rxe4 Kxe4 40. Rxc5 g5 41. e6 Rxd6 42. e7 Kf3 43. Rc3+ 1-0

[Event "Winnipeg TNT October op"]
[Site "Winnipeg"]
[Date "2017.10.03"]
[Round "1"]
[White "Kernetsky, Myron"]
[Black "Reimer, Bruce"]
[Result "1-0"]
[WhiteElo "2091"]
[BlackElo "1632"]
[PlyCount "75"]
[EventDate "2017.10.03"]
[EventType "swiss"]
[EventRounds "4"]
[EventCountry "CAN"]
[SourceTitle "EXT 2022"]
[Source "ChessBase"]
[SourceDate "2021.10.06"]
[SourceVersion "1"]
[SourceVersionDate "2021.10.06"]
[SourceQuality "1"]

1. d4 g6 2. Nf3 Bg7 3. c4 d6 4. Nc3 a6 5. e4 e5 6. d5 Ne7 7. Bg5 h6 8. Bh4 0-0 9. Bd3 g5 10. Bg3 f5 11. exf5 Bxf5 12. Qc2 Nd7 13. Ne4 Nf6 14. Nfd2 Qe8 15. Nxf6+ Rxf6 16. Ne4 Rf8 17. h4 Qh5 18. Rh2 Qg6 19. hxg5 hxg5 20. f3 Bh6 21. 0-0-0 Kg7 22. Rdh1 Rh8 23. Kb1 Raf8 24. Be1 g4 25. Bh4 Ng8 26. Bg5 Bxe4 27. Bxh6+ Nxh6 28. Bxe4 Qf6 29. Qd3 Nf7 30. fxg4 Rxh2 31. Rxh2 Ng5 32. Bf5 Rh8 33. Rh5 Rxh5 34. gxh5 Qe7 35. g4 e4 36. Qe3 b6 37. Kc2 a5 38. Kb3 1-0

[Event "Winnipeg TNT September op"]
[Site "Winnipeg"]
[Date "2017.09.19"]
[Round "3"]
[White "Kernetsky, Myron"]
[Black "Evans, Jason"]
[Result "1/2-1/2"]
[WhiteElo "2104"]
[BlackElo "1624"]
[PlyCount "108"]
[EventDate "2017.09.05"]
[EventType "swiss"]
[EventRounds "4"]
[EventCountry "CAN"]
[SourceTitle "EXT 2022"]
[Source "ChessBase"]
[SourceDate "2021.10.06"]
[SourceVersion "1"]
[SourceVersionDate "2021.10.06"]
[SourceQuality "1"]

1. d4 Nf6 2. c4 e6 3. Nf3 b6 4. a3 Ba6 5. Qc2 c5 6. dxc5 bxc5 7. Bg5 Be7 8. Nbd2 0-0 9. g3 h6 10. Bxf6 Bxf6 11. Bg2 Nc6 12. 0-0 Rb8 13. Rab1 Qb6 14. b3 Nd4 15. Nxd4 Bxd4 16. e3 Bf6 17. Rfd1 Bb7 18. Bxb7 Qxb7 19. Ne4 Be7 20. Nc3 a6 21. Rd2 f5 22. Qd1 d6 23. Qe2 Bf6 24. Na4 Qc6 25. Qd1 Rfd8 26. Rc1 Qb7 27. Rd3 Qc6 28. Rc2 Rb7 29. Rcd2 Rbd7 30. Qc2 Be7 31. Nc3 Bf6 32. Na4 Be7 33. Nc3 Bf6 34. Ne2 d5 35. cxd5 Rxd5 36. Nf4 Rxd3 37. Rxd3 Rxd3 38. Qxd3 g5 39. Ne2 Kf7 40. a4 Ke7 41. Qc4 Qd6 42. h3 Qd1+ 43. Kg2 Qd5+ 44. Qxd5 exd5 45. Kf1 Kd6 46. Ke1 d4 47. exd4 cxd4 48. Kd2 Kc5 49. Kc2 Kb4 50. Nc1 Ka3 51. Nd3 h5 52. Nc5 a5 53. Nd3 Bg7 54. Nc5 Be5 1/2-1/2

[Event "Winnipeg TNT April op"]
[Site "Winnipeg"]
[Date "2017.04.11"]
[Round "2"]
[White "Einarsson, Ken"]
[Black "Kernetsky, Myron"]
[Result "0-1"]
[WhiteElo "1753"]
[BlackElo "2126"]
[PlyCount "82"]
[EventDate "2017.04.04"]
[EventType "swiss"]
[EventRounds "4"]
[EventCountry "CAN"]
[SourceTitle "EXT 2022"]
[Source "ChessBase"]
[SourceDate "2021.10.06"]
[SourceVersion "1"]
[SourceVersionDate "2021.10.06"]
[SourceQuality "1"]

1. d4 Nf6 2. c4 e6 3. Nc3 Bb4 4. Bd2 d5 5. cxd5 exd5 6. Nf3 0-0 7. e3 c6 8. Bd3 Nbd7 9. 0-0 Bd6 10. Qc2 Re8 11. Rae1 h6 12. e4 dxe4 13. Nxe4 Nxe4 14. Rxe4 Rxe4 15. Bxe4 Nf6 16. Re1 Nxe4 17. Qxe4 Be6 18. a3 Qf6 19. Bc3 Bd5 20. Qd3 Qf4 21. Bd2 Qg4 22. h3 Qh5 23. Ne5 Re8 24. Ng4 Rxe1+ 25. Bxe1 Qh4 26. Bd2 Qh5 27. Qe3 Kf8 28. Ne5 Qf5 29. Bc3 f6 30. Nf3 Bxf3 31. gxf3 Qxh3 32. f4 Qg4+ 33. Qg3 Qxf4 34. Qxf4 Bxf4 35. Kg2 Kf7 36. Kf3 Bc7 37. Kg4 g6 38. Bd2 h5+ 39. Kh4 Ke6 40. Be3 Kd5 41. b4 Bb6 0-1

[Event "Winnipeg TNT January op"]
[Site "Winnipeg"]
[Date "2016.01.12"]
[Round "2.4"]
[White "Kernetsky, Myron"]
[Black "Le Dorze, Philippe"]
[Result "1/2-1/2"]
[WhiteElo "2050"]
[BlackElo "1849"]
[PlyCount "82"]
[EventDate "2016.01.05"]
[EventType "swiss"]
[EventRounds "4"]
[EventCountry "CAN"]
[SourceTitle "EXT 2022"]
[Source "ChessBase"]
[SourceDate "2021.10.06"]
[SourceVersion "1"]
[SourceVersionDate "2021.10.06"]
[SourceQuality "1"]

1. d4 Nf6 2. Nf3 e6 3. c4 d5 4. Nc3 b6 5. a3 Bb7 6. Bg5 Be7 7. e3 Nbd7 8. Rc1 c5 9. cxd5 Nxd5 10. Bxe7 Qxe7 11. Nxd5 Bxd5 12. dxc5 bxc5 13. Bb5 0-0 14. Bxd7 Qxd7 15. Rxc5 Qb7 16. b4 Qa6 17. Ra5 Qc4 18. Rc5 Qa2 19. Qc1 Bxf3 20. gxf3 g6 21. 0-0 Rfd8 22. Rc2 Qb3 23. Rc3 Qa2 24. Rd1 Qe2 25. Rxd8+ Rxd8 26. Rc8 Rxc8 27. Qxc8+ Kg7 28. Qc3+ Kg8 29. Kg2 Qb5 30. f4 Qe2 31. h3 h5 32. Qd4 Qa6 33. Qc3 Qb7+ 34. f3 Qa6 35. Qb2 Qd3 36. Kf2 h4 37. Qc1 Qf5 38. Kg2 Qd3 39. Kf2 Qf5 40. Kg2 Qd3 41. Kf2 Qf5 1/2-1/2

[Event "Winnipeg Mundwiler Memorial"]
[Site "Winnipeg"]
[Date "2015.10.13"]
[Round "2"]
[White "Baron, Gustav L"]
[Black "Kernetsky, Myron"]
[Result "1-0"]
[WhiteElo "2060"]
[BlackElo "1906"]
[PlyCount "123"]
[EventDate "2015.10.06"]
[EventType "swiss"]
[EventRounds "4"]
[EventCountry "CAN"]
[SourceTitle "EXT 2022"]
[Source "ChessBase"]
[SourceDate "2021.10.06"]
[SourceVersion "1"]
[SourceVersionDate "2021.10.06"]
[SourceQuality "1"]

1. Nf3 d6 2. d4 Bg4 3. c4 Nd7 4. Bf4 Ngf6 5. Nbd2 Nh5 6. Be3 Nhf6 7. h3 Bh5 8. Bf4 Bg6 9. Nh4 e5 10. dxe5 dxe5 11. Bh2 Bb4 12. Nhf3 e4 13. a3 Be7 14. Nh4 0-0 15. Nxg6 fxg6 16. Nxe4 Nxe4 17. Qd5+ Kh8 18. Qxe4 c6 19. Qb1 Bc5 20. e3 Qf6 21. Qc2 Ne5 22. Bxe5 Qxe5 23. Rd1 Rae8 24. Rd3 Qf5 25. Rd2 Qg5 26. h4 Qg4 27. Re2 Re4 28. Rd2 a5 29. Rh3 Re7 30. Qd1 Qc8 31. Rf3 Rfe8 32. Be2 Qc7 33. g3 Qe5 34. Kf1 Qe4 35. Qc2 Qe6 36. Kg2 Qe5 37. h5 Re6 38. hxg6 Rxg6 39. Rd1 Rb8 40. Qf5 Qxf5 41. Rxf5 b6 42. Bf3 Rc8 43. Rf7 Rg5 44. Bxc6 h5 45. Bf3 h4 46. Rd5 Rxd5 47. Bxd5 hxg3 48. Kxg3 Kh7 49. a4 Kg6 50. e4 Rd8 51. f4 Rxd5 52. Rxg7+ Kxg7 53. cxd5 Bd4 54. b3 Kf6 55. Kg4 Bc3 56. Kf3 Bd4 57. Ke2 Bb2 58. Kf3 Bc3 59. Ke3 Bb2 60. d6 Ke6 61. e5 Ba3 62. Ke4 1-0

[Event "Winnipeg May TNT"]
[Site "Winnipeg"]
[Date "2015.05.19"]
[Round "3.4"]
[White "Wasserman, Leor"]
[Black "Kernetsky, Myron"]
[Result "1/2-1/2"]
[WhiteElo "2076"]
[BlackElo "1880"]
[PlyCount "49"]
[EventDate "2015.05.05"]
[EventType "swiss"]
[EventRounds "4"]
[EventCountry "CAN"]
[SourceTitle "EXT 2019"]
[Source "ChessBase"]
[SourceDate "2018.10.10"]
[SourceVersion "1"]
[SourceVersionDate "2018.10.10"]
[SourceQuality "1"]

1. e4 e6 2. c4 d5 3. cxd5 exd5 4. e5 c5 5. d4 cxd4 6. Bb5+ Bd7 7. Bxd7+ Qxd7 8. Qxd4 Nc6 9. Qf4 Nge7 10. Nf3 Ng6 11. Qg3 Bb4+ 12. Bd2 0-0 13. 0-0 Rfe8 14. Re1 Bxd2 15. Nbxd2 Qf5 16. Nb3 Ngxe5 17. Nxe5 Rxe5 18. Rad1 Rd8 19. Nc5 b6 20. Nd3 Re7 21. Nf4 Re4 22. Nd3 h6 23. Qc7 Qd7 24. Qg3 Nd4 25. Kh1 1/2-1/2

[Event "Winnipeg May TNT"]
[Site "Winnipeg"]
[Date "2015.05.12"]
[Round "2.4"]
[White "Kernetsky, Myron"]
[Black "Remillard, John"]
[Result "1-0"]
[WhiteElo "1880"]
[BlackElo "1552"]
[PlyCount "99"]
[EventDate "2015.05.05"]
[EventType "swiss"]
[EventRounds "4"]
[EventCountry "CAN"]
[SourceTitle "EXT 2019"]
[Source "ChessBase"]
[SourceDate "2018.10.10"]
[SourceVersion "1"]
[SourceVersionDate "2018.10.10"]
[SourceQuality "1"]

1. d4 f5 2. c4 Nf6 3. g3 g6 4. Bg2 Bg7 5. Nc3 0-0 6. Nf3 d6 7. 0-0 c6 8. Rb1 b6 9. b4 Bb7 10. Qb3 Kh8 11. Ng5 Bc8 12. d5 h6 13. Nf3 c5 14. bxc5 bxc5 15. Bb2 Na6 16. Nh4 Kh7 17. e4 Rb8 18. Qc2 Nb4 19. Qd2 g5 20. Nxf5 Bxf5 21. exf5 Nd7 22. a3 Na6 23. Qc2 Bf6 24. Ne4 Bxb2 25. Rxb2 Nf6 26. Re1 Kg7 27. Qc3 Rxb2 28. Qxb2 Nb8 29. Qe2 Nbd7 30. Nxf6 exf6 31. Qh5 Ne5 32. f4 Nf7 33. Qg6+ Kh8 34. fxg5 hxg5 35. Re6 Ne5 36. Qh6+ Kg8 37. Bf1 Rf7 38. Be2 g4 39. Kg2 a6 40. Bxg4 Nxg4 41. Qg6+ Rg7 42. Re8+ Qxe8 43. Qxe8+ Kh7 44. Qe6 a5 45. a4 Rb7 46. Kh3 Nf2+ 47. Kh4 Rg7 48. Qxf6 Ng4 49. Qxg7+ Kxg7 50. Kxg4 1-0

[Event "Winnipeg March TNT"]
[Site "Winnipeg"]
[Date "2015.03.17"]
[Round "3.5"]
[White "Wolchock, Theo"]
[Black "Kernetsky, Myron"]
[Result "1-0"]
[WhiteElo "1902"]
[BlackElo "1929"]
[PlyCount "69"]
[EventDate "2015.03.03"]
[EventType "swiss"]
[EventRounds "5"]
[EventCountry "CAN"]
[SourceTitle "EXT 2019"]
[Source "ChessBase"]
[SourceDate "2018.10.10"]
[SourceVersion "1"]
[SourceVersionDate "2018.10.10"]
[SourceQuality "1"]

1. c4 c5 2. g3 Nc6 3. Bg2 g6 4. Nc3 Bg7 5. e3 e5 6. Nge2 Nge7 7. 0-0 d6 8. Nd5 0-0 9. Nec3 Rb8 10. a3 f5 11. d3 a6 12. b4 cxb4 13. axb4 b5 14. cxb5 axb5 15. Nxe7+ Nxe7 16. Qb3+ Kh8 17. Ra5 Bd7 18. Bb2 Qb6 19. Rfa1 Nc8 20. Nd5 Qd8 21. Rc1 Be6 22. Qa3 h5 23. Qa1 h4 24. Nf4 Bf7 25. Nd5 hxg3 26. hxg3 Re8 27. Nc7 Re7 28. Nxb5 Be8 29. Nc3 Nb6 30. Nd5 Nxd5 31. Bxd5 Rxb4 32. Ra8 Rb8 33. Rxb8 Qxb8 34. Kg2 Ra7 35. Rh1+ 1-0

[Event "Winnipeg TNT October op"]
[Site "Winnipeg"]
[Date "2014.10.28"]
[Round "4.4"]
[White "Wiebe, Isaac"]
[Black "Kernetsky, Myron"]
[Result "1-0"]
[WhiteElo "1790"]
[BlackElo "1941"]
[PlyCount "59"]
[EventDate "2014.10.07"]
[EventType "swiss"]
[EventRounds "4"]
[EventCountry "CAN"]
[SourceTitle "EXT 2022"]
[Source "ChessBase"]
[SourceDate "2021.10.06"]
[SourceVersion "1"]
[SourceVersionDate "2021.10.06"]
[SourceQuality "1"]

1. d4 Nf6 2. e3 d5 3. f4 Bf5 4. Nf3 e6 5. Be2 c5 6. c3 Nc6 7. 0-0 Be7 8. Ne5 0-0 9. Nd2 Ne4 10. Ndf3 Rc8 11. Bd2 a6 12. Be1 h6 13. Bd3 f6 14. Nxc6 Rxc6 15. Nh4 Bh7 16. Bxe4 dxe4 17. f5 exf5 18. Nxf5 Bxf5 19. Rxf5 Qd7 20. Qh5 cxd4 21. cxd4 Rc2 22. Bc3 Kh7 23. Rd5 Qc8 24. Qd1 Rxc3 25. bxc3 Qxc3 26. Qc1 Qd3 27. Rd7 Bd8 28. Rb1 b5 29. Rb3 Qe2 30. Qf1 1-0

[Event "Winnipeg op"]
[Site "Winnipeg"]
[Date "2014.07.08"]
[Round "5"]
[White "Ma, Derek"]
[Black "Kernetsky, Myron"]
[Result "0-1"]
[WhiteElo "1785"]
[BlackElo "2015"]
[PlyCount "76"]
[EventDate "2014.06.03"]
[EventType "swiss"]
[EventRounds "8"]
[EventCountry "CAN"]
[SourceTitle "EXT 2019"]
[Source "ChessBase"]
[SourceDate "2018.10.10"]
[SourceVersion "1"]
[SourceVersionDate "2018.10.10"]
[SourceQuality "1"]

1. e4 e6 2. d4 d5 3. e5 c5 4. c3 Nc6 5. Be3 Qb6 6. Qd2 Bd7 7. Nf3 Nh6 8. Bd3 Nf5 9. Bxf5 exf5 10. 0-0 Be6 11. Ng5 cxd4 12. cxd4 Bb4 13. Nc3 0-0 14. a3 Be7 15. Nf3 Na5 16. Qc2 Rfc8 17. Nd2 Nc4 18. Nxc4 Rxc4 19. f4 Rac8 20. Rfc1 R4c6 21. Qd2 Qb3 22. Rab1 h6 23. h3 Rc4 24. Kh2 Bd8 25. Qc2 Qxc2 26. Rxc2 Ba5 27. Rbc1 Kf8 28. Kg1 Bb6 29. Rd2 Bd8 30. Kf2 Be7 31. Ra1 a6 32. Ke2 Bd8 33. Rc2 f6 34. Kd3 fxe5 35. fxe5 g5 36. h4 f4 37. Rf1 Kg7 38. Bg1 b5 0-1

[Event "Winnipeg TNT May op"]
[Site "Winnipeg"]
[Date "2014.05.13"]
[Round "2"]
[White "Atem, James"]
[Black "Kernetsky, Myron"]
[Result "1-0"]
[WhiteElo "1837"]
[BlackElo "2030"]
[PlyCount "47"]
[EventDate "2014.05.06"]
[EventType "swiss"]
[EventRounds "4"]
[EventCountry "CAN"]
[SourceTitle "EXT 2022"]
[Source "ChessBase"]
[SourceDate "2021.10.06"]
[SourceVersion "1"]
[SourceVersionDate "2021.10.06"]
[SourceQuality "1"]

1. e4 e6 2. Nf3 d5 3. exd5 exd5 4. d4 Bd6 5. Bd3 Ne7 6. 0-0 c6 7. Ng5 h6 8. Qh5 g6 9. Qh4 Bf5 10. Re1 Bxd3 11. cxd3 Nd7 12. Nf3 Kf8 13. Bxh6+ Kg8 14. Qg5 Qe8 15. Qd2 Qb8 16. g4 Qc7 17. Nc3 Nf6 18. h3 Qd7 19. Qg5 Nxg4 20. hxg4 Rxh6 21. Ne5 Bxe5 22. Rxe5 f6 23. Rxe7 Qxe7 24. Qxh6 1-0

[Event "Winnipeg TNT May op"]
[Site "Winnipeg"]
[Date "2014.05.06"]
[Round "1"]
[White "Kernetsky, Myron"]
[Black "Evans, Jason"]
[Result "1-0"]
[WhiteElo "2030"]
[BlackElo "1525"]
[PlyCount "57"]
[EventDate "2014.05.06"]
[EventType "swiss"]
[EventRounds "4"]
[EventCountry "CAN"]
[SourceTitle "EXT 2022"]
[Source "ChessBase"]
[SourceDate "2021.10.06"]
[SourceVersion "1"]
[SourceVersionDate "2021.10.06"]
[SourceQuality "1"]

1. d4 d6 2. Nf3 Bg4 3. c4 Nd7 4. Qb3 Bxf3 5. gxf3 b6 6. f4 e6 7. Nc3 Ngf6 8. Bg2 Rb8 9. Nb5 d5 10. cxd5 exd5 11. Nxa7 Rb7 12. Nc6 Qc8 13. Bxd5 Nxd5 14. Qxd5 Nb8 15. 0-0 Qd7 16. Qe4+ Be7 17. Nxe7 Qxe7 18. Qxb7 0-0 19. Be3 Qd6 20. Rac1 c6 21. h3 Re8 22. Qxb6 Re6 23. Qc5 Qd7 24. Kh2 Rh6 25. f5 Rh5 26. Qe5 Qd8 27. Rg1 g6 28. Rg3 Rxf5 29. Qxf5 1-0

[Event "Winnipeg TNT April op"]
[Site "Winnipeg"]
[Date "2014.04.22"]
[Round "4.5"]
[White "Schulz, Waldemar"]
[Black "Kernetsky, Myron"]
[Result "1/2-1/2"]
[WhiteElo "1993"]
[BlackElo "2027"]
[PlyCount "97"]
[EventDate "2014.04.01"]
[EventType "swiss"]
[EventRounds "5"]
[EventCountry "CAN"]
[SourceTitle "EXT 2022"]
[Source "ChessBase"]
[SourceDate "2021.10.06"]
[SourceVersion "1"]
[SourceVersionDate "2021.10.06"]
[SourceQuality "1"]

1. Nf3 d6 2. d4 f5 3. c4 Nf6 4. g3 g6 5. Bg2 Bg7 6. 0-0 0-0 7. Nc3 Qe8 8. b3 e5 9. dxe5 dxe5 10. Bb2 e4 11. Nd4 c6 12. e3 Nbd7 13. Qe2 Ne5 14. Rad1 Be6 15. Na4 Nfd7 16. Ba3 Rf7 17. Bd6 Nd3 18. f3 Nf6 19. Nc5 Nxc5 20. Bxc5 Bd7 21. Ba3 exf3 22. Bxf3 Bh6 23. Nc2 Qe6 24. Rd6 Qe5 25. Rfd1 Re8 26. Kg2 Bf8 27. R6d3 Bxa3 28. Nxa3 Bc8 29. Nc2 Rfe7 30. Re1 Kg7 31. Qd1 c5 32. Qa1 Qxa1 33. Rxa1 b6 34. h3 Bb7 35. Rad1 Be4 36. Bxe4 Rxe4 37. Rd8 Kf7 38. Rxe8 Rxe8 39. Kf3 Ke6 40. Na3 a6 41. Nb1 Ne4 42. Rd3 Ng5+ 43. Kg2 Ne4 44. Kf3 Re7 45. Nd2 Nf6 46. e4 fxe4+ 47. Nxe4 Nxe4 48. Kxe4 Rf7 49. Rd2 1/2-1/2

[Event "Winnipeg TNT April op"]
[Site "Winnipeg"]
[Date "2014.04.01"]
[Round "1.5"]
[White "Kernetsky, Myron"]
[Black "Baron, Gustav L"]
[Result "0-1"]
[WhiteElo "2027"]
[BlackElo "1876"]
[PlyCount "74"]
[EventDate "2014.04.01"]
[EventType "swiss"]
[EventRounds "5"]
[EventCountry "CAN"]
[SourceTitle "EXT 2022"]
[Source "ChessBase"]
[SourceDate "2021.10.06"]
[SourceVersion "1"]
[SourceVersionDate "2021.10.06"]
[SourceQuality "1"]

1. d4 c5 2. c3 Nf6 3. Nf3 e6 4. Bf4 b6 5. e3 Bb7 6. Bd3 Be7 7. h3 0-0 8. Nbd2 d5 9. 0-0 Nbd7 10. Ne5 Ne4 11. Ndf3 f6 12. Nxd7 Qxd7 13. a4 Rfd8 14. Qe2 a6 15. Rfd1 Qc6 16. Rdc1 c4 17. Bc2 b5 18. axb5 axb5 19. Nh2 b4 20. Nf1 Rxa1 21. Rxa1 bxc3 22. Bxe4 cxb2 23. Bxh7+ Kxh7 24. Qxb2 e5 25. Bh2 c3 26. Qc2+ e4 27. Ng3 Ba6 28. Nf5 Bf8 29. Rc1 g6 30. Ng3 Rc8 31. Ne2 Bb4 32. Nf4 g5 33. Nh5 Ba3 34. Re1 Bd3 35. Qd1 c2 36. Qg4 c1Q 37. Qf5+ Kh6 0-1

[Event "Winnipeg TNT February op"]
[Site "Winnipeg"]
[Date "2014.02.04"]
[Round "1.4"]
[White "Kernetsky, Myron"]
[Black "Campbell, Jamie"]
[Result "1/2-1/2"]
[WhiteElo "2059"]
[BlackElo "1728"]
[PlyCount "69"]
[EventDate "2014.02.04"]
[EventType "swiss"]
[EventRounds "4"]
[EventCountry "CAN"]
[SourceTitle "EXT 2022"]
[Source "ChessBase"]
[SourceDate "2021.10.06"]
[SourceVersion "1"]
[SourceVersionDate "2021.10.06"]
[SourceQuality "1"]

1. d4 Nf6 2. c4 e5 3. dxe5 Ne4 4. Nf3 Bb4+ 5. Bd2 Nxd2 6. Nbxd2 Nc6 7. a3 Bxd2+ 8. Qxd2 Qe7 9. Qc3 0-0 10. e3 Re8 11. Be2 Nxe5 12. 0-0 d6 13. h3 Qf6 14. Nd4 Qg6 15. Kh2 Bd7 16. f4 c5 17. fxe5 cxd4 18. exd4 dxe5 19. dxe5 Bc6 20. Bf3 Bxf3 21. Rxf3 Re7 22. Re1 Rae8 23. Rfe3 Qf5 24. Qd4 b6 25. Qd5 Qf4+ 26. Kg1 Re6 27. Re4 Qg3 28. R1e3 Qg5 29. b4 Qe7 30. Kh2 a6 31. Rd4 h6 32. Rf4 Qg5 33. Rfe4 Qe7 34. Rf4 Qg5 35. Rfe4 1/2-1/2